000 00577nam a22001817a 4500
999 _c12114
_d12114
003 AR-CdUCM
008 190401b ||||| |||| 00| 0 spa d
040 _aMUNICIPALIDAD PROVINCIAL DEL CUSCO
_cBIBLIOTECA MUNICIPAL DEL CUSCO
082 _aEP / 372.510 /
_bZ37
100 _aZapata Misad, Ruth Maria
_927736
245 _aMatemática Colibrí 2 :
_bSegundo grado taller /
260 _aLima :
_bCoquito,
300 _a143 páginas ;
_bimágenes.
_c27 cm.
505 _aContenido: Matemáticas
650 _aEducación primaria
_91561
942 _2ddc
_cLIBROS
945 _anom